[Event "DVM U14 2024"]
[Site "Heidelberg GER"]
[Date "2024.12.28"]
[Round "3"]
[White "Fridlin, Daniel"]
[Black "Haertlein, Felix"]
[Result "1-0"]
[Termination "normal"]
[Board "5.4"]
[WhiteElo "1789"]
[BlackElo "1227"]
[WhiteClock "00:38:58"]
[BlackClock "00:02:27"]
[WhiteTeam "SC Noris-Tarrasch Nürnberg 1873"]
[BlackTeam "SG Turm Leipzig"]
[PlyCount "171"]
[WhiteFideId "34602763"]
[EventCountry "GER"]
[EventRounds "7"]
[EventType "team-swiss"]
[EventDate "2024.12.26"]

1. e4 {[%clk 01:30:57]} {[%emt 00:00:02]} c6 {[%clk 01:30:50]} {[%emt
00:00:11]} 2. d4 {[%clk 01:31:18]} {[%emt 00:00:09]} d5 {[%clk 01:31:14]}
{[%emt 00:00:06]} 3. exd5 {[%clk 01:31:43]} {[%emt 00:00:05]} cxd5 {[%clk
01:31:20]} {[%emt 00:00:24]} 4. Bd3 {[%clk 01:32:06]} {[%emt 00:00:06]} Nc6
{[%clk 01:30:29]} {[%emt 00:01:21]} 5. c3 {[%clk 01:32:01]} {[%emt 00:00:34]}
e5 {[%clk 01:29:43]} {[%emt 00:01:17]} 6. dxe5 {[%clk 01:28:38]} {[%emt
00:03:53]} Nxe5 {[%clk 01:28:23]} {[%emt 00:01:49]} 7. h3 {[%clk 01:25:43]}
{[%emt 00:03:25]} Bd6 {[%clk 01:25:05]} {[%emt 00:03:47]} 8. Bb5+ {[%clk
01:22:39]} {[%emt 00:03:35]} Bd7 {[%clk 01:21:40]} {[%emt 00:03:54]} 9. Qxd5
{[%clk 01:20:02]} {[%emt 00:03:08]} Bc6 {[%clk 01:19:07]} {[%emt 00:03:02]} 10.
Bxc6+ {[%clk 01:19:27]} {[%emt 00:01:07]} bxc6 {[%clk 01:18:43]} {[%emt
00:00:54]} 11. Qd1 {[%clk 01:17:30]} {[%emt 00:02:27]} Nf6 {[%clk 01:17:18]}
{[%emt 00:01:54]} 12. Nf3 {[%clk 01:15:54]} {[%emt 00:02:07]} Nxf3+ {[%clk
01:14:53]} {[%emt 00:02:54]} 13. Qxf3 {[%clk 01:16:03]} {[%emt 00:00:20]} Qc7
{[%clk 01:14:38]} {[%emt 00:00:43]} 14. O-O {[%clk 01:15:29]} {[%emt 00:01:07]}
O-O {[%clk 01:12:22]} {[%emt 00:02:46]} 15. Bg5 {[%clk 01:13:50]} {[%emt
00:02:09]} Nd7 {[%emt 00:07:14]} 16. Nd2 {[%clk 01:11:00]} Rab8 {[%clk
01:01:40]} {[%emt 00:07:47]} 17. b3 {[%clk 01:08:00]} {[%emt 00:03:31]} h6
{[%clk 00:57:38]} {[%emt 00:04:31]} 18. Be3 {[%clk 01:06:14]} {[%emt 00:02:15]}
Rfe8 {[%clk 00:50:19]} {[%emt 00:07:49]} 19. Rfe1 {[%clk 01:02:47]} {[%emt
00:03:59]} Re7 {[%clk 00:40:05]} {[%emt 00:10:42]} 20. Bd4 {[%clk 01:00:38]}
{[%emt 00:02:40]} Rbe8 {[%clk 00:35:27]} {[%emt 00:05:09]} 21. Rxe7 {[%clk
01:00:30]} {[%emt 00:00:38]} Rxe7 {[%clk 00:34:23]} {[%emt 00:01:33]} 22. Ne4
{[%clk 00:57:29]} {[%emt 00:03:31]} Be5 {[%clk 00:25:53]} {[%emt 00:09:01]} 23.
Rd1 {[%clk 00:55:18]} {[%emt 00:02:41]} Bxd4 {[%clk 00:20:22]} {[%emt
00:06:01]} 24. Rxd4 {[%clk 00:55:11]} {[%emt 00:00:37]} c5 {[%clk 00:19:49]}
{[%emt 00:01:02]} 25. Rd1 {[%clk 00:54:17]} {[%emt 00:01:26]} Qe5 {[%clk
00:17:14]} {[%emt 00:03:02]} 26. Nd6 {[%clk 00:51:23]} {[%emt 00:03:25]} Qf6
{[%clk 00:13:57]} {[%emt 00:03:47]} 27. Qd3 {[%clk 00:50:49]} {[%emt 00:01:06]}
Ne5 {[%clk 00:12:50]} {[%emt 00:01:36]} 28. Qc2 {[%clk 00:48:18]} {[%emt
00:03:02]} Rd7 {[%clk 00:11:24]} {[%emt 00:01:56]} 29. Ne4 {[%clk 00:46:26]}
{[%emt 00:02:21]} Rxd1+ {[%clk 00:10:35]} {[%emt 00:01:19]} 30. Qxd1 {[%clk
00:46:41]} {[%emt 00:00:16]} Qc6 {[%clk 00:09:14]} {[%emt 00:01:50]} 31. Qe2
{[%clk 00:45:42]} {[%emt 00:01:29]} f5 {[%clk 00:08:47]} {[%emt 00:00:57]} 32.
Ng3 {[%clk 00:45:38]} {[%emt 00:00:34]} Qf6 {[%clk 00:07:24]} {[%emt 00:01:52]}
33. f4 {[%clk 00:45:22]} {[%emt 00:00:47]} Ng6 {[%clk 00:07:14]} {[%emt
00:00:39]} 34. Qc4+ {[%clk 00:44:23]} {[%emt 00:01:31]} Kh7 {[%clk 00:06:36]}
{[%emt 00:01:06]} 35. Qxc5 {[%clk 00:43:37]} {[%emt 00:01:19]} Nxf4 {[%clk
00:06:50]} {[%emt 00:00:15]} 36. Kh2 {[%clk 00:42:02]} {[%emt 00:02:06]} Kg6
{[%clk 00:05:54]} {[%emt 00:01:26]} 37. Qe3 {[%clk 00:40:22]} {[%emt 00:02:11]}
Ne6 {[%clk 00:05:26]} {[%emt 00:00:57]} 38. c4 {[%clk 00:37:58]} {[%emt
00:02:55]} f4 {[%clk 00:05:04]} {[%emt 00:00:52]} 39. Qd3+ {[%clk 00:38:09]}
{[%emt 00:00:19]} Kf7 {[%clk 00:04:50]} {[%emt 00:00:43]} 40. Ne4 {[%clk
00:37:56]} {[%emt 00:00:44]} Qg6 {[%clk 00:02:05]} {[%emt 00:03:15]} 41. Nd6+
{[%clk 00:36:54]} {[%emt 00:01:33]} Kf6 {[%clk 00:02:14]} {[%emt 00:00:21]} 42.
Qc3+ {[%clk 00:33:15]} {[%emt 00:04:09]} Ke7 {[%clk 00:01:06]} {[%emt
00:01:37]} 43. Nc8+ {[%emt 00:02:26]} Ke8 {[%clk 00:29:42]} 44. Nxa7 {[%clk
01:03:02]} {[%emt 00:00:40]} Qf7 {[%clk 00:25:41]} {[%emt 00:04:28]} 45. Nb5
{[%clk 01:01:58]} {[%emt 00:01:38]} Qh5 {[%clk 00:22:23]} {[%emt 00:03:45]} 46.
Nd6+ {[%clk 01:01:01]} {[%emt 00:01:30]} Kd7 {[%clk 00:21:35]} {[%emt
00:01:16]} 47. Ne4 {[%clk 01:01:07]} {[%emt 00:00:27]} Qe2 {[%clk 00:21:03]}
{[%emt 00:00:57]} 48. Nd2 {[%clk 00:59:53]} {[%emt 00:01:48]} g5 {[%clk
00:18:56]} {[%emt 00:02:38]} 49. c5 {[%clk 00:59:31]} {[%emt 00:00:52]} Kc6
{[%clk 00:18:08]} {[%emt 00:01:16]} 50. b4 {[%clk 00:59:27]} {[%emt 00:00:35]}
h5 {[%emt 00:03:30]} 51. a4 {[%clk 00:59:27]} {[%emt 00:00:18]} g4 {[%clk
00:13:26]} {[%emt 00:02:23]} 52. b5+ {[%clk 00:58:58]} {[%emt 00:00:59]} Kb7
{[%clk 00:12:57]} {[%emt 00:00:55]} 53. c6+ {[%clk 00:59:09]} {[%emt 00:00:23]}
Kc8 {[%clk 00:11:41]} {[%emt 00:01:46]} 54. hxg4 {[%clk 00:58:46]} {[%emt
00:00:53]} hxg4 {[%clk 00:11:11]} {[%emt 00:01:00]} 55. Qh8+ {[%clk 00:58:00]}
{[%emt 00:01:15]} Kc7 {[%clk 00:09:23]} {[%emt 00:02:16]} 56. Qh7+ {[%clk
00:57:59]} {[%emt 00:00:35]} Kb6 {[%clk 00:08:39]} {[%emt 00:01:14]} 57. Ne4
{[%clk 00:57:13]} {[%emt 00:01:15]} f3 {[%clk 00:06:38]} {[%emt 00:02:30]} 58.
a5+ {[%clk 00:55:20]} {[%emt 00:02:24]} Kxa5 {[%clk 00:06:15]} {[%emt
00:00:53]} 59. Qa7+ {[%clk 00:53:43]} {[%emt 00:02:07]} Kb4 {[%clk 00:06:32]}
{[%emt 00:00:12]} 60. Nf2 {[%clk 00:52:23]} {[%emt 00:01:51]} Qe5+ {[%clk
00:04:01]} {[%emt 00:03:00]} 61. g3 {[%clk 00:50:29]} {[%emt 00:02:26]} Qe2
{[%clk 00:02:32]} {[%emt 00:01:56]} 62. Qe7+ {[%clk 00:49:43]} {[%emt
00:01:18]} Kxb5 {[%clk 00:02:11]} {[%emt 00:00:52]} 63. Qb7+ {[%clk 00:49:58]}
{[%emt 00:00:15]} Kc5 {[%clk 00:02:11]} {[%emt 00:00:28]} 64. Qa7+ {[%clk
00:49:35]} {[%emt 00:00:54]} Kd6 {[%clk 00:02:27]} {[%emt 00:00:14]} 65. Qb6
{[%clk 00:47:17]} {[%emt 00:02:49]} Nc5 {[%clk 00:01:56]} {[%emt 00:01:01]} 66.
c7+ {[%clk 00:47:19]} {[%emt 00:00:28]} Kd5 {[%clk 00:02:00]} {[%emt 00:00:25]}
67. Qxc5+ {[%clk 00:46:53]} {[%emt 00:00:57]} Kxc5 {[%clk 00:02:12]} {[%emt
00:00:18]} 68. c8=Q+ {[%emt 00:00:07]} Kd4 {[%clk 00:02:12]} {[%emt 00:00:26]}
69. Qd7+ {[%clk 00:46:57]} {[%emt 00:00:53]} Kc3 {[%clk 00:01:36]} {[%emt
00:01:02]} 70. Qg7+ {[%clk 00:46:01]} {[%emt 00:01:29]} Kd2 {[%clk 00:01:46]}
{[%emt 00:00:19]} 71. Qb2+ {[%clk 00:44:57]} {[%emt 00:01:35]} Ke3 {[%clk
00:01:48]} {[%emt 00:00:26]} 72. Qb6+ {[%clk 00:41:55]} {[%emt 00:03:33]} Kd2
{[%clk 00:02:08]} {[%emt 00:00:10]} 73. Qc5 {[%clk 00:36:26]} {[%emt 00:06:00]}
Qe3 {[%clk 00:01:08]} {[%emt 00:01:31]} 74. Qxe3+ {[%clk 00:36:07]} {[%emt
00:00:48]} Kxe3 {[%clk 00:01:31]} {[%emt 00:00:06]} 75. Nxg4+ {[%clk 00:36:23]}
{[%emt 00:00:14]} Ke2 {[%clk 00:01:18]} {[%emt 00:00:42]} 76. Kh3 {[%clk
00:36:09]} {[%emt 00:00:45]} Kd3 {[%clk 00:01:08]} {[%emt 00:00:39]} 77. Ne5+
{[%clk 00:36:30]} {[%emt 00:00:09]} Ke4 {[%clk 00:01:28]} {[%emt 00:00:10]} 78.
Nxf3 {[%clk 00:36:49]} {[%emt 00:00:10]} Kxf3 {[%clk 00:01:08]} {[%emt
00:00:51]} 79. Kh4 {[%clk 00:37:15]} {[%emt 00:00:05]} Ke4 {[%clk 00:01:27]}
{[%emt 00:00:11]} 80. g4 {[%clk 00:37:33]} {[%emt 00:00:12]} Ke5 {[%clk
00:01:55]} {[%emt 00:00:01]} 81. Kh5 {[%clk 00:37:53]} {[%emt 00:00:10]} Kf6
{[%clk 00:02:08]} {[%emt 00:00:16]} 82. Kh6 {[%clk 00:38:14]} {[%emt 00:00:08]}
Kf7 {[%clk 00:02:18]} {[%emt 00:00:20]} 83. g5 {[%clk 00:37:52]} {[%emt
00:00:53]} Kg8 {[%clk 00:01:59]} {[%emt 00:00:49]} 84. Kg6 {[%clk 00:38:05]}
{[%emt 00:00:17]} Kf8 {[%clk 00:02:04]} {[%emt 00:00:22]} 85. Kh7 {[%clk
00:38:31]} {[%emt 00:00:07]} Kf7 {[%clk 00:02:27]} {[%emt 00:00:06]} 86. g6+
{[%clk 00:38:58]} {[%emt 00:00:04]} 1-0

[Event "DVM U14 2024"]
[Site "Heidelberg GER"]
[Date "2024.12.28"]
[Round "3"]
[White "Glavev, Danail"]
[Black "Kovalyov, Dima"]
[Result "1/2-1/2"]
[Termination "normal"]
[Board "8.2"]
[WhiteElo "1690"]
[BlackElo "1829"]
[WhiteClock "00:12:43"]
[BlackClock "00:23:40"]
[WhiteTeam "SK Bad Homburg 1927"]
[BlackTeam "SG Solingen"]
[PlyCount "95"]
[WhiteFideId "34610995"]
[BlackFideId "34631631"]
[EventCountry "GER"]
[EventRounds "7"]
[EventType "team-swiss"]
[EventDate "2024.12.26"]

1. e4 {[%clk 01:30:57]} {[%emt 00:00:02]} c6 {[%clk 01:30:56]} {[%emt
00:00:05]} 2. d4 {[%clk 01:31:20]} {[%emt 00:00:07]} d5 {[%clk 01:31:24]}
{[%emt 00:00:02]} 3. exd5 {[%clk 01:31:43]} {[%emt 00:00:06]} cxd5 {[%clk
01:31:51]} {[%emt 00:00:03]} 4. Nf3 {[%clk 01:31:08]} {[%emt 00:01:05]} Nf6
{[%clk 01:32:15]} {[%emt 00:00:06]} 5. Bd3 {[%clk 01:30:58]} {[%emt 00:00:40]}
Nc6 {[%clk 01:32:24]} {[%emt 00:00:21]} 6. c3 {[%clk 01:30:33]} {[%emt
00:00:55]} Bg4 {[%clk 01:32:43]} {[%emt 00:00:10]} 7. O-O {[%clk 01:30:30]}
{[%emt 00:00:33]} e6 {[%clk 01:33:07]} {[%emt 00:00:07]} 8. Bg5 {[%clk
01:29:00]} {[%emt 00:02:00]} Be7 {[%clk 01:31:52]} {[%emt 00:01:45]} 9. Nbd2
{[%clk 01:29:05]} {[%emt 00:00:24]} O-O {[%clk 01:31:15]} {[%emt 00:01:07]} 10.
Qb3 {[%clk 01:23:38]} {[%emt 00:05:58]} Qc7 {[%clk 01:26:36]} {[%emt 00:05:07]}
11. Rac1 {[%clk 01:21:53]} {[%emt 00:02:16]} Rac8 {[%clk 01:22:24]} {[%emt
00:04:43]} 12. Qc2 {[%clk 01:17:03]} {[%emt 00:05:20]} h6 {[%clk 01:21:00]}
{[%emt 00:01:54]} 13. Be3 {[%clk 01:14:05]} {[%emt 00:03:28]} a6 {[%clk
01:16:44]} {[%emt 00:04:46]} 14. h3 {[%clk 01:14:12]} {[%emt 00:00:23]} Bxf3
{[%clk 01:17:07]} {[%emt 00:00:08]} 15. Nxf3 {[%clk 01:14:41]} {[%emt
00:00:01]} b5 {[%clk 01:13:07]} {[%emt 00:04:30]} 16. Qd2 {[%clk 00:53:25]}
{[%emt 00:21:46]} Ne4 {[%clk 01:10:30]} {[%emt 00:03:07]} 17. Qc2 {[%clk
00:52:03]} {[%emt 00:01:52]} f5 {[%clk 01:10:04]} {[%emt 00:00:56]} 18. Nd2
{[%clk 00:44:49]} {[%emt 00:07:43]} f4 {[%clk 01:09:41]} {[%emt 00:00:54]} 19.
Nxe4 {[%clk 00:39:46]} {[%emt 00:05:33]} dxe4 {[%clk 01:10:02]} {[%emt
00:00:09]} 20. Bxe4 {[%clk 00:38:32]} {[%emt 00:01:44]} fxe3 {[%clk 01:10:25]}
{[%emt 00:00:07]} 21. fxe3 {[%clk 00:39:00]} {[%emt 00:00:02]} Bg5 {[%clk
01:10:21]} {[%emt 00:00:33]} 22. Rfe1 {[%clk 00:38:04]} {[%emt 00:01:26]} Ne7
{[%clk 01:08:49]} {[%emt 00:02:02]} 23. Rcd1 {[%clk 00:36:07]} {[%emt
00:02:27]} Nd5 {[%clk 01:08:35]} {[%emt 00:00:43]} 24. Bxd5 {[%clk 00:33:58]}
{[%emt 00:02:38]} exd5 {[%clk 01:08:58]} {[%emt 00:00:07]} 25. e4 {[%clk
00:33:11]} {[%emt 00:01:17]} dxe4 {[%clk 01:09:09]} {[%emt 00:00:19]} 26. Qxe4
{[%clk 00:32:12]} {[%emt 00:01:29]} Kh8 {[%clk 01:07:31]} {[%emt 00:02:08]} 27.
d5 {[%clk 00:31:39]} {[%emt 00:01:04]} Qc5+ {[%clk 01:07:23]} {[%emt 00:00:38]}
28. Kh1 {[%clk 00:31:55]} {[%emt 00:00:14]} Rcd8 {[%clk 01:07:21]} {[%emt
00:00:33]} 29. Qe6 {[%clk 00:30:41]} {[%emt 00:01:43]} Rf6 {[%clk 01:07:16]}
{[%emt 00:00:35]} 30. Qe4 {[%clk 00:28:48]} {[%emt 00:02:22]} Rfd6 {[%clk
01:07:25]} {[%emt 00:00:22]} 31. Qf5 {[%clk 00:29:05]} {[%emt 00:00:12]} Qc8
{[%clk 01:06:44]} {[%emt 00:01:12]} 32. Qf3 {[%clk 00:28:08]} {[%emt 00:01:27]}
Qd7 {[%clk 01:06:17]} {[%emt 00:00:56]} 33. Re5 {[%clk 00:26:03]} {[%emt
00:02:37]} Rf6 {[%clk 01:05:33]} {[%emt 00:01:14]} 34. Qd3 {[%clk 00:23:06]}
{[%emt 00:03:27]} Qd6 {[%clk 01:03:16]} {[%emt 00:02:46]} 35. Re2 {[%clk
00:16:30]} {[%emt 00:07:06]} Rdf8 {[%clk 01:03:28]} {[%emt 00:00:18]} 36. Ree1
{[%clk 00:14:59]} {[%emt 00:02:01]} Bh4 {[%clk 01:02:24]} {[%emt 00:01:34]} 37.
Re4 {[%clk 00:11:17]} {[%emt 00:04:12]} Bg3 {[%clk 01:01:59]} {[%emt 00:00:54]}
38. Re3 {[%clk 00:11:12]} {[%emt 00:00:36]} Bh4 {[%clk 00:59:21]} {[%emt
00:03:07]} 39. Re4 {[%clk 00:11:22]} {[%emt 00:00:20]} Bg5 {[%clk 00:59:05]}
{[%emt 00:00:45]} 40. Ree1 {[%clk 00:11:23]} {[%emt 00:00:30]} Qd7 {[%clk
00:47:39]} {[%emt 00:11:54]} 41. b3 {[%clk 00:04:16]} {[%emt 00:07:39]} Bh4
{[%clk 00:45:57]} {[%emt 00:02:11]} 42. Re4 {[%clk 00:00:44]} {[%emt 00:04:03]}
Rf4 {[%clk 00:39:47]} {[%emt 00:06:40]} 43. c4 {[%clk 00:26:30]} {[%emt
00:04:45]} bxc4 {[%clk 01:08:00]} {[%emt 00:02:15]} 44. bxc4 {[%clk 00:26:55]}
{[%emt 00:00:07]} Rxe4 {[%clk 01:06:18]} {[%emt 00:02:11]} 45. Qxe4 {[%clk
00:27:23]} {[%emt 00:00:02]} Be7 {[%clk 01:05:22]} {[%emt 00:01:26]} 46. d6
{[%clk 00:18:49]} {[%emt 00:09:05]} Bf6 {[%clk 00:27:58]} {[%emt 00:37:53]} 47.
c5 {[%clk 00:15:59]} {[%emt 00:03:21]} Rc8 {[%clk 00:23:40]} {[%emt 00:04:47]}
48. Qd5 {[%clk 00:12:43]} 1/2-1/2

[Event "DVM U14 2024"]
[Site "Heidelberg GER"]
[Date "2024.12.29"]
[Round "5"]
[White "Pazar, Ubeyd"]
[Black "Klein, Deniz"]
[Result "1/2-1/2"]
[Termination "normal"]
[Board "1.4"]
[WhiteElo "1669"]
[BlackElo "1852"]
[WhiteClock "00:46:31"]
[BlackClock "00:14:04"]
[WhiteTeam "SV Erkenschwick 1923"]
[BlackTeam "SK Kaiserslautern 1905"]
[PlyCount "96"]
[WhiteFideId "34645926"]
[BlackFideId "34611282"]
[EventCountry "GER"]
[EventRounds "7"]
[EventType "team-swiss"]
[EventDate "2024.12.26"]

1. d4 {[%clk 01:30:57]} {[%emt 00:00:01]} Nf6 {[%clk 01:30:54]} {[%emt
00:00:05]} 2. Nf3 {[%clk 01:30:46]} {[%emt 00:00:43]} e6 {[%clk 01:29:23]}
{[%emt 00:02:01]} 3. c4 {[%clk 01:30:17]} {[%emt 00:00:59]} b6 {[%clk
01:26:35]} {[%emt 00:03:19]} 4. Nc3 {[%clk 01:28:59]} {[%emt 00:01:47]} Bb4
{[%clk 01:26:55]} {[%emt 00:00:10]} 5. Bd2 {[%clk 01:28:50]} {[%emt 00:00:39]}
Bb7 {[%clk 01:26:16]} {[%emt 00:01:09]} 6. e3 {[%clk 01:28:41]} {[%emt
00:00:39]} O-O {[%clk 01:26:03]} {[%emt 00:00:43]} 7. Bd3 {[%clk 01:27:57]}
{[%emt 00:01:13]} c5 {[%clk 01:21:48]} {[%emt 00:04:46]} 8. a3 {[%clk
01:25:17]} {[%emt 00:03:10]} Bxc3 {[%clk 01:22:07]} {[%emt 00:00:11]} 9. Bxc3
{[%clk 01:25:34]} {[%emt 00:00:12]} cxd4 {[%clk 01:20:24]} {[%emt 00:02:13]}
10. Nxd4 {[%clk 01:24:11]} {[%emt 00:01:53]} d5 {[%clk 01:18:12]} {[%emt
00:02:42]} 11. Ne2 {[%clk 01:18:48]} {[%emt 00:05:53]} Nbd7 {[%clk 01:11:37]}
{[%emt 00:07:06]} 12. b4 {[%clk 01:11:26]} {[%emt 00:07:52]} Rc8 {[%clk
00:55:25]} {[%emt 00:16:41]} 13. cxd5 {[%clk 01:08:52]} {[%emt 00:03:03]} Nxd5
{[%clk 00:53:58]} {[%emt 00:01:56]} 14. Bb2 {[%clk 01:03:13]} {[%emt 00:06:10]}
Qg5 {[%clk 00:43:35]} {[%emt 00:10:53]} 15. h4 {[%clk 00:59:19]} {[%emt
00:04:24]} Qe7 {[%clk 00:39:45]} {[%emt 00:04:20]} 16. Rh3 {[%clk 00:55:26]}
{[%emt 00:04:23]} Rfd8 {[%clk 00:31:06]} {[%emt 00:09:09]} 17. h5 {[%clk
00:51:07]} {[%emt 00:04:50]} h6 {[%clk 00:30:31]} {[%emt 00:01:05]} 18. g4
{[%clk 00:48:08]} {[%emt 00:03:29]} e5 {[%clk 00:23:27]} {[%emt 00:07:34]} 19.
Ng3 {[%clk 00:43:30]} {[%emt 00:05:08]} Nxb4 {[%clk 00:20:26]} {[%emt
00:03:31]} 20. Nf5 {[%clk 00:38:02]} {[%emt 00:05:58]} Nxd3+ {[%clk 00:19:45]}
{[%emt 00:01:11]} 21. Qxd3 {[%clk 00:38:11]} {[%emt 00:00:21]} Qe6 {[%clk
00:13:22]} {[%emt 00:06:54]} 22. Qd6 {[%clk 00:31:38]} {[%emt 00:07:03]} Qxd6
{[%clk 00:09:41]} {[%emt 00:04:11]} 23. Nxd6 {[%clk 00:32:01]} {[%emt
00:00:07]} Rc7 {[%clk 00:09:49]} {[%emt 00:00:22]} 24. Nxb7 {[%clk 00:31:48]}
{[%emt 00:00:42]} Rxb7 {[%clk 00:10:15]} {[%emt 00:00:05]} 25. Rd1 {[%clk
00:31:31]} {[%emt 00:00:47]} Re8 {[%clk 00:09:58]} {[%emt 00:00:47]} 26. Rh1
{[%clk 00:30:34]} {[%emt 00:01:26]} Nc5 {[%clk 00:10:05]} {[%emt 00:00:24]} 27.
Ke2 {[%clk 00:30:18]} {[%emt 00:00:47]} f6 {[%clk 00:08:07]} {[%emt 00:02:27]}
28. Rd5 {[%clk 00:29:13]} {[%emt 00:01:34]} Rc7 {[%clk 00:05:50]} {[%emt
00:02:48]} 29. Bc3 {[%clk 00:24:26]} {[%emt 00:05:18]} Rec8 {[%clk 00:04:05]}
{[%emt 00:02:14]} 30. Bb4 {[%clk 00:23:48]} {[%emt 00:01:08]} Ne4 {[%clk
00:04:09]} {[%emt 00:00:26]} 31. Kf3 {[%clk 00:21:18]} {[%emt 00:03:00]} Nc3
{[%clk 00:03:19]} {[%emt 00:01:19]} 32. Bxc3 {[%clk 00:20:00]} {[%emt
00:01:48]} Rxc3 {[%clk 00:03:45]} {[%emt 00:00:05]} 33. a4 {[%clk 00:20:14]}
{[%emt 00:00:16]} Ra3 {[%clk 00:04:07]} {[%emt 00:00:08]} 34. a5 {[%clk
00:20:00]} {[%emt 00:00:44]} Rxa5 {[%clk 00:03:27]} {[%emt 00:01:10]} 35. Rxa5
{[%clk 00:20:24]} {[%emt 00:00:07]} bxa5 {[%clk 00:03:54]} {[%emt 00:00:03]}
36. Ra1 {[%clk 00:20:46]} {[%emt 00:00:08]} Rc5 {[%clk 00:04:20]} {[%emt
00:00:04]} 37. Ke4 {[%clk 00:20:38]} {[%emt 00:00:38]} Kf7 {[%clk 00:02:01]}
{[%emt 00:02:49]} 38. Kf5 {[%clk 00:20:18]} {[%emt 00:00:50]} Rb5 {[%clk
00:00:46]} {[%emt 00:01:45]} 39. Rc1 {[%clk 00:20:25]} {[%emt 00:00:24]} Rb7
{[%clk 00:00:38]} {[%emt 00:00:38]} 40. Rc5 {[%clk 00:20:25]} {[%emt 00:00:29]}
a4 {[%clk 00:00:39]} {[%emt 00:00:29]} 41. Ra5 {[%clk 00:20:50]} {[%emt
00:00:05]} a3 {[%clk 00:23:26]} {[%emt 00:07:43]} 42. Rxa3 {[%clk 00:50:18]}
{[%emt 00:01:01]} Re7 {[%clk 00:23:00]} {[%emt 00:00:56]} 43. Ke4 {[%clk
00:48:54]} {[%emt 00:01:52]} g6 {[%clk 00:22:45]} {[%emt 00:00:46]} 44. Ra6
{[%clk 00:48:21]} {[%emt 00:01:04]} Rb7 {[%clk 00:20:41]} {[%emt 00:02:33]} 45.
Ra4 {[%clk 00:45:59]} {[%emt 00:02:53]} Rd7 {[%clk 00:20:50]} {[%emt 00:00:21]}
46. Ra6 {[%clk 00:46:09]} {[%emt 00:00:21]} Rb7 {[%clk 00:20:58]} {[%emt
00:00:21]} 47. Ra4 {[%clk 00:46:32]} {[%emt 00:00:06]} Rc7 {[%clk 00:14:28]}
{[%emt 00:07:00]} 48. Ra6 {[%clk 00:46:31]} {[%emt 00:00:31]} Rb7 {[%clk
00:14:04]} {[%emt 00:00:54]} 1/2-1/2